<?xml version="1.0" encoding="UTF-8"?>
<record
    xmlns:xsi="http://www.w3.org/2001/XMLSchema-instance"
    xsi:schemaLocation="http://www.loc.gov/MARC21/slim http://www.loc.gov/standards/marcxml/schema/MARC21slim.xsd"
    xmlns="http://www.loc.gov/MARC21/slim">

  <leader>01735cam a2200277   4500</leader>
  <controlfield tag="001">sa 68006762 </controlfield>
  <controlfield tag="003">DLC</controlfield>
  <controlfield tag="005">20260227112518.0</controlfield>
  <controlfield tag="008">910910m19651982ii       b    001 0 arar </controlfield>
  <datafield tag="010" ind1=" " ind2=" ">
    <subfield code="a">sa 68006762 </subfield>
  </datafield>
  <datafield tag="040" ind1=" " ind2=" ">
    <subfield code="a">DLC</subfield>
    <subfield code="c">DLC</subfield>
    <subfield code="d">DLC</subfield>
  </datafield>
  <datafield tag="050" ind1="0" ind2="0">
    <subfield code="a">BP135.2</subfield>
    <subfield code="b">.M5</subfield>
  </datafield>
  <datafield tag="082" ind1="0" ind2="0">
    <subfield code="a">297/.124</subfield>
    <subfield code="2">19</subfield>
  </datafield>
  <datafield tag="100" ind1="1" ind2=" ">
    <subfield code="a">Mizz&#x12B;, Y&#x16B;suf ibn al-Zak&#x12B; &#x2BB;Abd al-Ra&#x1E25;m&#x101;n,</subfield>
    <subfield code="d">1256-1341.</subfield>
  </datafield>
  <datafield tag="245" ind1="1" ind2="0">
    <subfield code="a">Tu&#x1E25;fat al-ashr&#x101;f bi-ma&#x2BB;rifat al-a&#x1E6D;r&#x101;f, li-Jam&#x101;l al-D&#x12B;n Ab&#x12B; al-&#x1E24;ajj&#x101;j Y&#x16B;suf ibn al-Zak&#x12B; &#x2BB;Abd al-Ra&#x1E25;m&#x101;n ibn Y&#x16B;suf al-Mizz&#x12B;.</subfield>
    <subfield code="b">Ma&#x2BB;a al-Nukat al-&#x1E93;ir&#x101;f &#x2BB;al&#xE1; al-a&#x1E6D;r&#x101;f, ta&#x2BB;l&#x12B;q&#x101;t Ibn &#x1E24;ajar al-&#x2BB;Asqal&#x101;n&#x12B;. &#x1E62;a&#x1E25;&#x1E25;a&#x1E25;ahu wa-&#x2BB;allaqa &#x2BB;alayhi &#x2BB;Abd al-&#x1E62;amad Sharaf al-D&#x12B;n.</subfield>
  </datafield>
  <datafield tag="260" ind1=" " ind2=" ">
    <subfield code="a">Bh&#x12B;wand&#x12B; :</subfield>
    <subfield code="b">al-D&#x101;r al-Qayyimah,</subfield>
    <subfield code="c">1965-1982.</subfield>
  </datafield>
  <datafield tag="300" ind1=" " ind2=" ">
    <subfield code="a">13 v. ;</subfield>
    <subfield code="c">26 cm.</subfield>
  </datafield>
  <datafield tag="500" ind1=" " ind2=" ">
    <subfield code="a">Introd. in English.</subfield>
  </datafield>
  <datafield tag="500" ind1=" " ind2=" ">
    <subfield code="a">Title on added t.p.: Tu&#x1E25;fatu&#x2BC;l-ashr&#x101;f bi ma&#x2BB;rifati&#x2BC;l-a&#x1E6D;r&#x101;f.</subfield>
  </datafield>
  <datafield tag="504" ind1=" " ind2=" ">
    <subfield code="a">Includes bibliographies and indexes.</subfield>
  </datafield>
  <datafield tag="505" ind1="0" ind2=" ">
    <subfield code="a">juz&#x2BC; 1. Abya&#x1E0D; ibn Jam&#x101;l, Anas ibn M&#x101;lik -- juz&#x2BC; 2. Ihb&#x101;n Jawd&#x101;n -- juz&#x2BC; 3. &#x1E24;&#x101;bis al-Tam&#x12B;m&#x12B;, Sa&#x2BB;d ibn Mu&#x2BB;&#x101;dh -- juz&#x2BC; 4. Sa&#x2BB;d M&#x16B;lay Ab&#x12B; Bakr, &#x2BB;Abd All&#x101;h ibn &#x2BB;Abb&#x101;s -- juz&#x2BC; 5. &#x2BB;Abd All&#x101;h ibn &#x2BB;Abb&#x101;s, &#x2BB;Abd All&#x101;h ibn &#x2BB;Umar -- juz&#x2BC; 6. &#x2BB;Abd All&#x101;h ibn &#x2BB;Umar, &#x2BB;Abd All&#x101;h ibn M&#x101;lik -- juz&#x2BC; 7. &#x2BB;Abd All&#x101;h ibn Mas&#x2BB;&#x16B;d, &#x2BB;Am&#x101;rah ibn Shubayb -- juz&#x2BC; 8. &#x2BB;Umar ibn al-&#x1E24;akam, al-Muh&#x101;jjir ibn Qunfudh -- juz&#x2BC; 9. N&#x101;jiyah, Ab&#x16B; Hurayrah -- juz&#x2BC; 10. Ab&#x16B; Hurayrah.</subfield>
  </datafield>
  <datafield tag="650" ind1=" " ind2="0">
    <subfield code="a">Hadith</subfield>
    <subfield code="x">Early works to 1800.</subfield>
  </datafield>
  <datafield tag="700" ind1="2" ind2=" ">
    <subfield code="a">Sharaf al-D&#x12B;n, &#x2BB;Abd al-&#x1E62;amad.</subfield>
  </datafield>
  <datafield tag="700" ind1="2" ind2="2">
    <subfield code="a">Ibn &#x1E24;ajar al-&#x2BB;Asqal&#x101;n&#x12B;, A&#x1E25;mad ibn &#x2BB;Al&#x12B;,</subfield>
    <subfield code="d">1372-1449.</subfield>
    <subfield code="t">Nukat al-&#x1E93;ir&#x101;f.</subfield>
    <subfield code="f">1965.</subfield>
  </datafield>
  <datafield tag="740" ind1="0" ind2=" ">
    <subfield code="a">Tu&#x1E25;fatu&#x2BC;l-ashr&#x101;f bi ma&#x2BB;rifati&#x2BC;l-a&#x1E6D;r&#x101;f.</subfield>
  </datafield>
  <datafield tag="999" ind1=" " ind2=" ">
    <subfield code="c">81511</subfield>
    <subfield code="d">81511</subfield>
  </datafield>
</record>
